| 000 | 00446nam a22001697a 4500 | ||
|---|---|---|---|
| 003 | MACL | ||
| 005 | 20160116144730.0 | ||
| 008 | 160116b xxu||||| |||| 00| 0 eng d | ||
| 040 | _cMACL | ||
| 041 | _aEnglish | ||
| 082 | _a020/SIN | ||
| 100 |
_aSingh V.P _932905 |
||
| 245 | _a4th National Conference on Library Vision 2020: Profession & Education | ||
| 260 |
_aDehradun _bVani Printers _c2009 |
||
| 650 |
_aLibrary _932906 |
||
| 942 |
_2ddc _cBK |
||
| 999 |
_c52646 _d52646 |
||